000 00853nam a2200265Ia 4500
003 OSt
005 20221005083644.0
006 a|||||r|||| 00| 0
007 ta
008 221004b |||||||| |||| 00| 0 eng d
020 _a8178294842
_c595
024 _a81747
037 _b3062, 30/03/2005, Vansha Books International
_cTextual
040 _aCRL
_cCRL
_beng
041 _2eng
_aeng
082 _aSigma:f, P4
100 _aGiri Ananta Kumar Ed.
245 0 _aCreative social research
_b Rethinking theories and methods edited by Ananta Kumar Giri
260 _aNew Delhi
_bVistaar Publications India
_c2004
300 _a367p.
_ccm.
650 _a RESEARCH
650 _aSOCIAL SCIENCES
942 _hSigma:f, P4
_cTEXL
_2cc
999 _c991330
_d991330